000
00365nam a2200157Ia 4500
008
241228s9999 xx 000 0 und d
020
_a
9781032551531
082
_a
579.6 SRI/E
100
_a
Sridhar, Kandikere R
245
0
_a
Ecology of macrofungi :
260
_a
Boca Raton,
260
_b
CRC Press,
260
_c
2024
300
_a
xii, 334p.
942
_c
BK
999
_c
40120
_d
40120